| Tag |
First Indicator |
Second Indicator |
Subfields |
| LEADER |
00000cam a2200000 a 4500 |
| 001 |
in00000001572 |
| 008 |
981020s1998 dcua b f000 0 eng d |
| 005 |
20230309222534.9 |
| 020 |
|
|
|a 0160496942 :
|c $2.50
|
| 035 |
|
|
|a (OCoLC)40136995
|
| 035 |
|
|
|9 AJB6553AM
|
| 035 |
|
|
|a in00000001572
|
| 037 |
|
|
|a 055-000-00603-2
|b GPO
|
| 040 |
|
|
|a GPO
|c GPO
|d DLC
|d MvI
|d UtOrBLW
|
| 043 |
|
|
|a n-us---
|
| 049 |
|
|
|a UDOC
|a UDOC
|
| 049 |
|
|
|a WWW
|
| 074 |
|
|
|a 0431-I-01
|
| 074 |
|
|
|a 0431-I-01 (online)
|
| 086 |
0 |
|
|a EP 1.2:B 86/6
|
| 088 |
|
|
|a EPA 402-K-98-001
|
| 245 |
0 |
0 |
|a Building air quality action plan.
|
| 264 |
|
1 |
|a Washington, DC :
|b U.S. Environmental Protection Agency ;
|a [Atlanta, Ga.] :
|b National Institute of Occupational Safety and Health ;
|c [1998]
|
| 264 |
|
2 |
|a [Washington, DC] :
|b [For sale by the U.S. G.P.O., Supt. of Docs.],
|
| 300 |
|
|
|a 31 pages :
|b illustrations ;
|c 28 cm.
|
| 336 |
|
|
|a text
|b txt
|2 rdacontent
|
| 337 |
|
|
|a unmediated
|b n
|2 rdamedia
|
| 338 |
|
|
|a volume
|b nc
|2 rdacarrier
|
| 490 |
1 |
|
|a DHHS (NIOSH) publication ;
|v no. 98-123
|
| 500 |
|
|
|a "To be used with Building air quality: a guide for building owners and facilities managers."
|
| 500 |
|
|
|a Cover title.
|
| 500 |
|
|
|a Shipping list number: 98-0374-P.
|
| 500 |
|
|
|a "June 1998."
|
| 504 |
|
|
|a Includes bibliographical references.
|
| 500 |
|
|
|a "EPA 402-K-98-001."
|
| 530 |
|
|
|a Also available via Internet from the EPA web site.
|
| 650 |
|
0 |
|a Indoor air pollution
|z United States.
|
| 650 |
|
0 |
|a Air quality management
|z United States.
|
| 650 |
|
0 |
|a Buildings
|x Environmental engineering
|z United States.
|
| 710 |
1 |
|
|a United States.
|b Environmental Protection Agency.
|
| 710 |
2 |
|
|a National Institute for Occupational Safety and Health.
|
| 740 |
0 |
|
|a Building air quality
|
| 830 |
|
0 |
|a DHHS publication ;
|v no. (NIOSH) 98-123.
|
| 856 |
4 |
1 |
|u https://purl.fdlp.gov/GPO/LPS1825
|t 0
|
| 999 |
|
|
|a MARS
|
| 999 |
f |
f |
|i 80fc4adb-04dc-3eec-9a83-c78d6215378f
|s 3ae74c45-a91c-3ac9-a6d1-2dd94febc32b
|t 0
|
| 952 |
f |
f |
|p normal
|a Texas A&M University
|b College Station
|c Sterling C. Evans Library
|d Evans: US Documents (Annex 5th floor)
|t 0
|e EP 1.2:B 86/6
|h Superintendent of Documents classification
|i unmediated -- volume
|m A14824392523
|
| 952 |
f |
f |
|a Texas A&M University
|b College Station
|c Electronic Resources
|d Available Online
|t 0
|e EP 1.2:B 86/6
|h Superintendent of Documents classification
|
| 998 |
f |
f |
|a EP 1.2:B 86/6
|t 0
|l Evans: US Documents (Annex 5th floor)
|
| 998 |
f |
f |
|a EP 1.2:B 86/6
|t 0
|l Available Online
|